[Event "FRA-ch Blitz Online Qual"]
[Site "Europe Echecs INT"]
[Date "2020.05.16"]
[Round "14"]
[White "Le Huec, Marc"]
[Black "Zniber, Reda"]
[Result "1-0"]
[WhiteElo "2213"]
[BlackElo "1986"]
[PlyCount "115"]
[EventDate "2020.05.16"]
[EventType "swiss (blitz)"]
[EventRounds "15"]
[EventCountry "FRA"]
[SourceTitle "CBM 196 Extra"]
[Source "ChessBase"]
[SourceDate "2020.07.31"]
[SourceVersion "1"]
[SourceVersionDate "2020.07.31"]
[SourceQuality "1"]

1. d4 d5 2. c4 e6 3. Nc3 Nf6 4. cxd5 exd5 5. Bg5 Be7 6. e3 0-0 7. Bd3 c6 8. Qc2 Nbd7 9. Nge2 Re8 10. 0-0-0 b5 11. Ng3 Nf8 12. Rhe1 a5 13. Kb1 a4 14. Nce2 b4 15. Bxf6 Bxf6 16. Qxc6 Be6 17. Rc1 a3 18. b3 Rc8 19. Qa6 Qe7 20. Rxc8 Bxc8 21. Qb5 Bd7 22. Qxd5 Be6 23. Qc5 Qxc5 24. dxc5 Rc8 25. Rc1 Nd7 26. Ne4 Be7 27. Ba6 Rc7 28. c6 Ne5 29. Nd4 Bd5 30. f3 Bd8 31. Bb5 g6 32. Nd6 f5 33. h3 Kg7 34. f4 Nf7 35. Nb7 Be7 36. Bc4 Bxc4 37. Rxc4 Nd6 38. Ne6+ Kf6 39. Nxc7 Nxc4 40. bxc4 b3 41. axb3 Bb4 42. Nd5+ Ke6 43. Nxb4 g5 44. g3 a2+ 45. Kxa2 h5 46. fxg5 h4 47. gxh4 f4 48. exf4 Ke7 49. f5 Ke8 50. Nd5 Kf7 51. Nc5 Kg7 52. c7 Kf7 53. c8Q Kg7 54. Qc7+ Kf8 55. b4 Ke8 56. b5 Kf8 57. b6 Ke8 58. b7 1-0

[Event "FRA-ch Blitz Online Qual"]
[Site "Europe Echecs INT"]
[Date "2020.05.16"]
[Round "6"]
[White "Polivanov, Anatoliy"]
[Black "Le Huec, Marc"]
[Result "1/2-1/2"]
[WhiteElo "2452"]
[BlackElo "2213"]
[PlyCount "92"]
[EventDate "2020.05.16"]
[EventType "swiss (blitz)"]
[EventRounds "15"]
[EventCountry "FRA"]
[SourceTitle "CBM 196 Extra"]
[Source "ChessBase"]
[SourceDate "2020.07.31"]
[SourceVersion "1"]
[SourceVersionDate "2020.07.31"]
[SourceQuality "1"]

1. e4 c5 2. Nf3 Nc6 3. c3 Nf6 4. e5 Nd5 5. Bc4 e6 6. d4 cxd4 7. cxd4 d6 8. Qe2 Be7 9. 0-0 0-0 10. Rd1 Bd7 11. Nc3 Nxc3 12. bxc3 Rc8 13. exd6 Bxd6 14. Ng5 h6 15. Ne4 Be7 16. d5 exd5 17. Bxd5 Qc7 18. c4 Bf5 19. Bb2 Bg6 20. Qg4 Kh7 21. Qf3 Ne5 22. Qc3 f6 23. Rac1 b6 24. Qg3 Nd7 25. Be6 Bxe4 26. Rxd7 Qxg3 27. hxg3 Bc5 28. Re1 Bg6 29. Rxa7 Ra8 30. Rxa8 Rxa8 31. a3 Ra5 32. Ra1 Bd3 33. Bd5 Kg6 34. Rd1 Bc2 35. Rc1 Bf5 36. Rc3 h5 37. Rb3 Bc2 38. Rb5 Rxb5 39. cxb5 Kf5 40. Kf1 Bd3+ 41. Ke1 Bxb5 42. Bb3 g5 43. Bc2+ Ke6 44. Bb3+ Kf5 45. Bc2+ Ke6 46. Bb3+ Kf5 1/2-1/2

[Event "Avoine op 30th"]
[Site "Avoine"]
[Date "2015.07.18"]
[Round "8"]
[White "Colin, Vincent"]
[Black "Le Huec, Marc"]
[Result "1-0"]
[WhiteElo "2382"]
[BlackElo "2236"]
[PlyCount "135"]
[EventDate "2015.07.18"]
[EventType "swiss"]
[EventRounds "9"]
[EventCountry "FRA"]
[SourceTitle "EXT 2016"]
[Source "ChessBase"]
[SourceDate "2015.10.08"]
[SourceVersion "1"]
[SourceVersionDate "2015.10.08"]
[SourceQuality "1"]

1. e4 c5 2. c4 Nc6 3. Nc3 g6 4. g3 Bg7 5. Bg2 d6 6. Nge2 h5 7. h3 Bd7 8. d3 Qc8 9. h4 Rb8 10. a4 Nf6 11. Bg5 Qd8 12. 0-0 0-0 13. Qd2 a6 14. Ra3 Qa5 15. Rb1 Rfe8 16. f3 Kh7 17. Kh2 e5 18. Nd5 Qxd2 19. Bxd2 Nxd5 20. cxd5 Nb4 21. Bh3 Bxh3 22. Kxh3 Nc2 23. Rc3 Nb4 24. Rb3 a5 25. Nc3 Bh6 26. Bxh6 Kxh6 27. Nb5 Red8 28. Rc3 Kg7 29. f4 f6 30. Rf1 b6 31. Rf3 Kf7 32. Nxd6+ Rxd6 33. fxe5 Rdd8 34. Rxf6+ Kg7 35. Rf4 Nxd5 36. exd5 Rxd5 37. d4 Rxd4 38. Rxd4 cxd4 39. Rc7+ Kf8 40. Rd7 Re8 41. Rxd4 Rxe5 42. Rd6 Kg7 43. Rxb6 Re4 44. b3 Re3 45. Kg2 Rc3 46. Kf2 Kf7 47. b4 axb4 48. Rxb4 Kg7 49. a5 Ra3 50. Rb5 Kf6 51. Rg5 Rd3 52. Ke2 Rd4 53. Ke3 Rd1 54. Ke4 Rd2 55. Rd5 Rg2 56. Rd4 Kg7 57. Rd3 Ra2 58. Rd5 Rg2 59. a6 Ra2 60. Rd7+ Kf6 61. Rd6+ Kf7 62. Kd5 Ra5+ 63. Kc4 Ra3 64. Kb4 Ra1 65. Kb5 Ra3 66. Kb6 Rxg3 67. a7 Ra3 68. Kb7 1-0

[Event "Avoine op 29th"]
[Site "Avoine"]
[Date "2014.07.26"]
[Round "8"]
[White "Eugene, Floryan"]
[Black "Le Huec, Marc"]
[Result "0-1"]
[WhiteElo "1948"]
[BlackElo "2267"]
[PlyCount "76"]
[EventDate "2014.07.19"]
[EventType "swiss"]
[EventRounds "9"]
[EventCountry "FRA"]
[SourceTitle "CBM 161 Extra"]
[Source "ChessBase"]
[SourceDate "2014.08.29"]
[SourceVersion "1"]
[SourceVersionDate "2014.08.29"]
[SourceQuality "1"]

1. e4 c5 2. Nf3 Nc6 3. c3 e6 4. d4 d5 5. e5 Nge7 6. Bd3 Nf5 7. 0-0 cxd4 8. Bxf5 exf5 9. cxd4 Be6 10. Nc3 h6 11. Be3 Be7 12. Na4 b6 13. a3 0-0 14. b4 Qd7 15. Nb2 Rac8 16. Qd3 g5 17. Bd2 f4 18. b5 Nd8 19. Rfc1 Bf5 20. Qb3 Ne6 21. Bc3 Rc7 22. Ne1 Rfc8 23. Nbd3 Rc4 24. Qb2 Qc7 25. Bb4 Bxb4 26. axb4 Qd7 27. Qa2 Qxb5 28. Qxa7 Rxc1 29. Nxc1 Qxb4 30. Ncd3 Qxd4 31. Qa6 Rc3 32. Ra4 Rc4 33. Ra3 Nc5 34. Qa8+ Kg7 35. Qd8 Nxd3 36. Qf6+ Kg8 37. Ra8+ Rc8 38. Rxc8+ Bxc8 0-1

[Event "FRA-ch blitz"]
[Site "Paris"]
[Date "2014.??.??"]
[Round "?"]
[White "Le Huec, Marc"]
[Black "Dehesdin, Wilfried"]
[Result "1-0"]
[WhiteElo "2247"]
[BlackElo "2161"]
[PlyCount "55"]
[EventDate "2014.03.15"]
[EventType "swiss (blitz)"]
[EventRounds "9"]
[EventCountry "FRA"]
[SourceTitle "EXT 2015"]
[Source "ChessBase"]
[SourceDate "2014.11.20"]
[SourceVersion "1"]
[SourceVersionDate "2014.11.20"]
[SourceQuality "1"]

1. d4 d5 2. c4 e6 3. Nc3 c5 4. cxd5 cxd4 5. Qxd4 Nc6 6. Qd1 exd5 7. Qxd5 Bd6 8. Bg5 Nge7 9. Bxe7 Qxe7 10. e3 Be6 11. Qb5 a6 12. Qa4 0-0 13. Nf3 b5 14. Qe4 Rac8 15. Be2 Bb8 16. 0-0 Qc7 17. a4 b4 18. Nd5 Bxd5 19. Qxd5 Rfd8 20. Qe4 Re8 21. Qh4 Re6 22. Bxa6 Rh6 23. Qf4 Qb6 24. Qc4 Rf8 25. Bb5 Ne5 26. g3 Qa7 27. Ra2 Rb6 28. Rd1 1-0

[Event "Rethymno op 4th"]
[Site "Rethymno"]
[Date "2012.07.13"]
[Round "8"]
[White "Le Huec, Marc"]
[Black "Liodakis, Konstantinos Spyros"]
[Result "0-1"]
[WhiteElo "2274"]
[BlackElo "2097"]
[PlyCount "76"]
[EventDate "2012.07.07"]
[EventType "swiss"]
[EventRounds "9"]
[EventCountry "GRE"]
[SourceTitle "CBM 149 Extra"]
[Source "ChessBase"]
[SourceDate "2012.08.24"]
[SourceVersion "1"]
[SourceVersionDate "2012.08.24"]
[SourceQuality "1"]

1. d4 e6 2. c4 b6 3. Nf3 Bb7 4. g3 Bxf3 5. exf3 d5 6. Nc3 Nf6 7. Bg2 Be7 8. f4 c6 9. Qa4 0-0 10. 0-0 dxc4 11. Qxc4 Nd5 12. Be3 Qd6 13. Rfc1 b5 14. Qe2 a6 15. Ne4 Qc7 16. Nc5 Bxc5 17. dxc5 Nd7 18. Bd4 Rfe8 19. Re1 f6 20. Bh3 Nf8 21. a4 Rad8 22. axb5 axb5 23. Qe4 Qf7 24. Ra6 f5 25. Qe5 Nb4 26. Rea1 Ng6 27. Qe3 Nc2 28. Ra7 Ne7 29. Qe5 Nxd4 30. Bg2 Qf6 31. Qc7 Nb3 32. Re1 Nxc5 33. Bxc6 Nxc6 34. Qxc6 Nd3 35. Re2 Nxf4 36. gxf4 Rd1+ 37. Kg2 Qg6+ 38. Kf3 Rd3+ 0-1

[Event "FRA-chT2 South 0708"]
[Site "France"]
[Date "2008.04.05"]
[Round "10.3"]
[White "Le Huec, Marc"]
[Black "Weill, Roland"]
[Result "1-0"]
[WhiteElo "2204"]
[BlackElo "2222"]
[PlyCount "89"]
[EventDate "2007.10.21"]
[EventType "team"]
[EventRounds "11"]
[EventCountry "FRA"]
[SourceTitle "EXT 2009"]
[Source "ChessBase"]
[SourceDate "2008.11.26"]
[SourceVersion "1"]
[SourceVersionDate "2008.11.26"]
[SourceQuality "1"]
[WhiteTeam "Bordeaux ASPOM"]
[BlackTeam "L'Isle sur la Sorgue"]
[WhiteTeamCountry "FRA"]
[BlackTeamCountry "FRA"]

1. d4 d6 2. c4 e5 3. e3 Nf6 4. Nc3 Nbd7 5. Nf3 g6 6. Be2 Bg7 7. 0-0 0-0 8. Rb1 Re8 9. b4 h5 10. Qb3 e4 11. Nd2 Nf8 12. d5 h4 13. Bb2 h3 14. g3 N6h7 15. Rfc1 Ng5 16. Qd1 Nd7 17. Nb5 Bxb2 18. Rxb2 a6 19. Nd4 Ne5 20. a4 Qf6 21. c5 Bd7 22. Nc4 Nxc4 23. Rxc4 Re5 24. c6 bxc6 25. dxc6 Be6 26. Rc1 Rd5 27. Rd2 Rb8 28. Rb1 a5 29. b5 Rc5 30. Rc1 Qe5 31. Rdc2 Kg7 32. Rxc5 dxc5 33. Nb3 Bxb3 34. Qxb3 Rd8 35. Qc3 Qxc3 36. Rxc3 Rd2 37. Kf1 Rb2 38. Ke1 Nf3+ 39. Bxf3 exf3 40. e4 Re2+ 41. Kf1 Rxe4 42. Rxf3 Kf8 43. b6 cxb6 44. c7 Re8 45. Rd3 1-0

[Event "FRA-chT2 South 0708"]
[Site "France"]
[Date "2007.10.21"]
[Round "1.3"]
[White "Le Huec, Marc"]
[Black "Franca, Ricardo Bedin"]
[Result "0-1"]
[WhiteElo "2211"]
[BlackElo "2215"]
[PlyCount "104"]
[EventDate "2007.10.21"]
[EventType "team"]
[EventRounds "11"]
[EventCountry "FRA"]
[SourceTitle "EXT 2009"]
[Source "ChessBase"]
[SourceDate "2008.11.26"]
[SourceVersion "1"]
[SourceVersionDate "2008.11.26"]
[SourceQuality "1"]
[WhiteTeam "Bordeaux ASPOM"]
[BlackTeam "Ramonville"]
[WhiteTeamCountry "FRA"]
[BlackTeamCountry "FRA"]

1. d4 d5 2. c4 c6 3. Nc3 Nf6 4. e3 a6 5. Nf3 b5 6. b3 Bg4 7. Be2 e6 8. 0-0 Nbd7 9. Bb2 Be7 10. Ne5 Bxe2 11. Nxe2 Rc8 12. Rc1 Nxe5 13. dxe5 Nd7 14. Nf4 0-0 15. Qg4 Kh8 16. Rfd1 bxc4 17. bxc4 Rb8 18. Bd4 Rb7 19. cxd5 cxd5 20. Rc6 Qa5 21. Qe2 Nb8 22. Rc2 Rc7 23. Rb1 Rfc8 24. Rxc7 Qxc7 25. g3 a5 26. Qb2 Nd7 27. Qb7 h6 28. Qxc7 Rxc7 29. a4 Bb4 30. Nd3 Rc4 31. Nb2 Rc8 32. Nd3 Rb8 33. Nxb4 Rxb4 34. Rc1 Nb8 35. Rc5 Kh7 36. Rxa5 Nc6 37. Ra6 Nxd4 38. exd4 Rxd4 39. Ra7 Kg6 40. f4 Rd2 41. Ra6 Kf5 42. Ra7 f6 43. Rxg7 fxe5 44. fxe5 Kxe5 45. Rh7 Ra2 46. Rxh6 d4 47. Kf1 d3 48. Ke1 Kd5 49. g4 e5 50. g5 e4 51. Rh3 Kd4 52. Rh4 Rg2 0-1

[Event "FRA-chT2 West 0607"]
[Site "France"]
[Date "2007.04.01"]
[Round "11.5"]
[White "Kirszenberg, Marc"]
[Black "Le Huec, Marc"]
[Result "1/2-1/2"]
[WhiteElo "2183"]
[BlackElo "2222"]
[PlyCount "33"]
[EventDate "2006.10.15"]
[EventType "team"]
[EventRounds "11"]
[EventCountry "FRA"]
[SourceTitle "EXT 2008"]
[Source "ChessBase"]
[SourceDate "2007.11.25"]
[SourceVersion "1"]
[SourceVersionDate "2007.11.25"]
[SourceQuality "1"]
[WhiteTeam "Rueil Malmaison"]
[BlackTeam "Bordeaux ASPOM"]
[WhiteTeamCountry "FRA"]
[BlackTeamCountry "FRA"]

1. d4 Nf6 2. c4 g6 3. Nc3 Bg7 4. Nf3 0-0 5. Bf4 d6 6. h3 Nbd7 7. e3 c6 8. Be2 a6 9. a4 a5 10. 0-0 Qb6 11. Qc2 Re8 12. Bh2 Nb8 13. e4 Nfd7 14. Rad1 Na6 15. Kh1 e5 16. c5 dxc5 17. Nxe5 1/2-1/2

[Event "FRA-chT2 West 0607"]
[Site "France"]
[Date "2007.03.18"]
[Round "9.4"]
[White "Logel, Matthieu"]
[Black "Le Huec, Marc"]
[Result "1-0"]
[WhiteElo "2016"]
[BlackElo "2222"]
[PlyCount "55"]
[EventDate "2006.10.15"]
[EventType "team"]
[EventRounds "11"]
[EventCountry "FRA"]
[SourceTitle "EXT 2008"]
[Source "ChessBase"]
[SourceDate "2007.11.25"]
[SourceVersion "1"]
[SourceVersionDate "2007.11.25"]
[SourceQuality "1"]
[WhiteTeam "JEEN"]
[BlackTeam "Bordeaux ASPOM"]
[WhiteTeamCountry "FRA"]
[BlackTeamCountry "FRA"]

1. e4 c5 2. Nf3 d6 3. d4 cxd4 4. Nxd4 Nf6 5. Nc3 g6 6. Be3 Bg7 7. f3 0-0 8. Qd2 Nc6 9. 0-0-0 Nxd4 10. Bxd4 Be6 11. Kb1 Qc7 12. h4 Rfc8 13. h5 Qa5 14. a3 Rab8 15. hxg6 hxg6 16. Bd3 b5 17. Qg5 Rb7 18. f4 a6 19. Rh4 Rbc7 20. e5 dxe5 21. fxe5 Nh7 22. Rxh7 Kxh7 23. Bxg6+ fxg6 24. Rh1+ Kg8 25. Qxg6 Rxc3 26. Qxe6+ Kf8 27. Rf1+ Ke8 28. Bxc3 1-0

[Event "FRA-chT2 West 0607"]
[Site "France"]
[Date "2007.03.17"]
[Round "8.1"]
[White "Guliyev, Namig"]
[Black "Le Huec, Marc"]
[Result "1-0"]
[WhiteElo "2545"]
[BlackElo "2222"]
[PlyCount "77"]
[EventDate "2006.10.15"]
[EventType "team"]
[EventRounds "11"]
[EventCountry "FRA"]
[SourceTitle "EXT 2008"]
[Source "ChessBase"]
[SourceDate "2007.11.25"]
[SourceVersion "1"]
[SourceVersionDate "2007.11.25"]
[SourceQuality "1"]
[WhiteTeam "Chess XV II"]
[BlackTeam "Bordeaux ASPOM"]
[WhiteTeamCountry "FRA"]
[BlackTeamCountry "FRA"]

1. e4 c5 2. Nf3 d6 3. d4 cxd4 4. Nxd4 Nf6 5. Nc3 g6 6. Be2 Bg7 7. 0-0 0-0 8. Bg5 Nc6 9. Nb3 Bd7 10. Kh1 h6 11. Bh4 Rc8 12. f4 a6 13. a4 Re8 14. Bf3 Be6 15. a5 Qc7 16. Nd5 Bxd5 17. exd5 Nb8 18. c3 Nbd7 19. Bf2 Qc4 20. Bd4 Nh7 21. Bxg7 Kxg7 22. Nd4 Nhf6 23. Ra4 Qc7 24. Re1 Nc5 25. Ra1 Ncd7 26. Re3 Qc5 27. b4 Qc4 28. Be2 Qxd5 29. Bf3 Qc4 30. Bxb7 Rc7 31. Bf3 Nd5 32. Nf5+ gxf5 33. Bxd5 Qxf4 34. Rg3+ Kh8 35. Bxf7 Rf8 36. Be6 Ne5 37. Qe2 Qh4 38. Rf1 Ng4 39. Rxg4 1-0

[Event "Creon op 11th"]
[Site "Creon"]
[Date "2006.08.01"]
[Round "3"]
[White "Le Huec, Marc"]
[Black "Laurent, Dominique"]
[Result "1-0"]
[WhiteElo "2206"]
[BlackElo "1987"]
[PlyCount "81"]
[EventDate "2006.07.31"]
[EventType "swiss"]
[EventRounds "9"]
[EventCountry "FRA"]
[SourceTitle "CBM 113 Extra"]
[Source "ChessBase"]
[SourceDate "2006.09.14"]
[SourceVersion "1"]
[SourceVersionDate "2006.09.14"]
[SourceQuality "1"]

1. d4 f5 2. c4 Nf6 3. g3 e6 4. a3 g6 5. Bg2 Bg7 6. b4 0-0 7. Bb2 d6 8. Nf3 Qe8 9. 0-0 Nbd7 10. Qb3 Ne4 11. Nbd2 Ndf6 12. Nxe4 Nxe4 13. Rfd1 g5 14. Rac1 Qh5 15. Qd3 g4 16. Ne1 Nxf2 17. Kxf2 Qxh2 18. e3 h5 19. Rd2 h4 20. gxh4 f4 21. exf4 Rxf4+ 22. Ke2 Qxh4 23. Kd1 Bd7 24. Kc2 e5 25. Bd5+ Kf8 26. Ng2 Qf6 27. Nxf4 exf4 28. Kb3 Bf5 29. Qf1 Bh6 30. Rf2 Re8 31. Re1 Rxe1 32. Qxe1 c6 33. Be4 g3 34. Rf1 Bg4 35. Qxg3 Qg5 36. Qg1 Be2 37. Qxg5 Bxg5 38. Rf2 Bd1+ 39. Bc2 Bh5 40. Bc1 Ke7 41. Bxf4 1-0

[Event "FRA-chT2A 0506"]
[Site "France"]
[Date "2006.04.02"]
[Round "11.6"]
[White "Le Huec, Marc"]
[Black "Marre, Erwan"]
[Result "1-0"]
[WhiteElo "2206"]
[BlackElo "1966"]
[PlyCount "123"]
[EventDate "2005.10.27"]
[EventType "team-tourn"]
[EventRounds "11"]
[EventCountry "FRA"]
[SourceTitle "EXT 2006"]
[Source "ChessBase"]
[SourceDate "2005.11.24"]
[SourceVersion "1"]
[SourceVersionDate "2005.11.24"]
[SourceQuality "1"]
[WhiteTeam "Bordeaux ASPOM"]
[BlackTeam "Bois Colombes II"]
[WhiteTeamCountry "FRA"]
[BlackTeamCountry "FRA"]

1. d4 Nf6 2. Nf3 g6 3. c4 Bg7 4. Nc3 d6 5. e4 0-0 6. Be2 e5 7. 0-0 Nc6 8. d5 Ne7 9. Ne1 Nd7 10. Nd3 f5 11. Bd2 Nf6 12. f3 f4 13. g4 h6 14. Kg2 Nh7 15. b4 Rf7 16. Be1 h5 17. h3 hxg4 18. hxg4 Bf6 19. Rh1 g5 20. c5 Ng6 21. cxd6 cxd6 22. a4 Nh4+ 23. Bxh4 gxh4 24. Nf2 Ng5 25. a5 Rh7 26. Rc1 Bd7 27. Bb5 Bxb5 28. Nxb5 a6 29. Na3 Rc8 30. Qd3 Rhc7 31. Rc4 Rxc4 32. Nxc4 h3+ 33. Nxh3 Nxh3 34. Kxh3 Qc7 35. Nb6 Qc3 36. Rd1 Rc7 37. g5 Qxd3 38. Rxd3 Bxg5 39. Kg4 Bd8 40. Kf5 Kf7 41. Rd2 Bf6 42. Rh2 Bg7 43. Rb2 Rc3 44. Kg4 Kg6 45. b5 Bf6 46. bxa6 bxa6 47. Nd7 Bd8 48. Nf8+ Kf7 49. Ne6 Bxa5 50. Kf5 Ke7 51. Rb7+ Ke8 52. Kf6 Bd8+ 53. Nxd8 Kxd8 54. Ke6 Rxf3 55. Kxd6 Kc8 56. Ra7 Ra3 57. Kxe5 f3 58. Rf7 Rb3 59. Kd6 Rb6+ 60. Kc5 Rb3 61. e5 Rb5+ 62. Kc6 1-0

[Event "FRA-chT2A 0506"]
[Site "France"]
[Date "2006.04.01"]
[Round "10.2"]
[White "Delaunay, Sebastien"]
[Black "Le Huec, Marc"]
[Result "1-0"]
[WhiteElo "2346"]
[BlackElo "2206"]
[PlyCount "87"]
[EventDate "2005.10.27"]
[EventType "team-tourn"]
[EventRounds "11"]
[EventCountry "FRA"]
[SourceTitle "EXT 2006"]
[Source "ChessBase"]
[SourceDate "2005.11.24"]
[SourceVersion "1"]
[SourceVersionDate "2005.11.24"]
[SourceQuality "1"]
[WhiteTeam "Nantes"]
[BlackTeam "Bordeaux ASPOM"]
[WhiteTeamCountry "FRA"]
[BlackTeamCountry "FRA"]

1. Nf3 Nf6 2. c4 g6 3. Nc3 Bg7 4. d4 0-0 5. Bg5 d6 6. e3 Nbd7 7. Be2 c5 8. d5 a6 9. 0-0 Rb8 10. a4 b6 11. Qc2 Ne8 12. e4 Ne5 13. Nd2 Nc7 14. h3 h6 15. Be3 e6 16. f4 exd5 17. cxd5 Nd7 18. Nc4 Ne8 19. Rfe1 Qh4 20. Nd2 Qe7 21. Nf3 Nef6 22. Bd3 Bb7 23. Rad1 Rbe8 24. Bc1 Nh7 25. Qf2 Qd8 26. Qg3 Qc7 27. Bc4 Qb8 28. Re2 Re7 29. Rde1 Rfe8 30. Kh1 Kh8 31. e5 dxe5 32. fxe5 Nxe5 33. Bf4 f6 34. Bxe5 fxe5 35. Nh4 Nf8 36. Nxg6+ Nxg6 37. Qxg6 e4 38. d6 Re5 39. d7 Rf8 40. Nxe4 b5 41. Nf6 Rxf6 42. Rxe5 Rxg6 43. Re8+ Kh7 44. Bg8+ 1-0

[Event "FRA-chT2A 0506"]
[Site "France"]
[Date "2006.03.12"]
[Round "9.2"]
[White "Le Huec, Marc"]
[Black "Demanghon, Jonathan"]
[Result "0-1"]
[WhiteElo "2206"]
[BlackElo "2128"]
[PlyCount "78"]
[EventDate "2005.10.27"]
[EventType "team-tourn"]
[EventRounds "11"]
[EventCountry "FRA"]
[SourceTitle "EXT 2006"]
[Source "ChessBase"]
[SourceDate "2005.11.24"]
[SourceVersion "1"]
[SourceVersionDate "2005.11.24"]
[SourceQuality "1"]
[WhiteTeam "Bordeaux ASPOM"]
[BlackTeam "Rennes Paul Bert"]
[WhiteTeamCountry "FRA"]
[BlackTeamCountry "FRA"]

1. d4 d5 2. c4 c6 3. Nc3 Nf6 4. Nf3 dxc4 5. a4 Bf5 6. Ne5 Nbd7 7. Nxc4 Nb6 8. Ne5 a5 9. f3 Nfd7 10. Nxd7 Nxd7 11. e4 Bg6 12. Qb3 e5 13. dxe5 Bb4 14. h4 h5 15. e6 Nc5 16. exf7+ Bxf7 17. Qd1 Qc7 18. Be3 Rd8 19. Qc2 Bb3 20. Qf2 Qe5 21. Bd2 0-0 22. f4 Qd6 23. e5 Nd3+ 24. Bxd3 Qxd3 25. Rh3 Qc2 26. Rc1 Qxb2 27. Rb1 Qc2 28. Rc1 Qf5 29. Rg3 Rd3 30. Rxd3 Qxd3 31. Qe2 Qg3+ 32. Qf2 Qg6 33. g3 Bc2 34. Ne2 Ba3 35. Ra1 Bb2 36. Ra2 Bxe5 37. Qc5 Bb3 38. Ra3 Bd6 39. Qb6 Qb1+ 0-1

[Event "FRA-chT2A 0506"]
[Site "France"]
[Date "2006.03.11"]
[Round "8.3"]
[White "Huisman, Hugues"]
[Black "Le Huec, Marc"]
[Result "0-1"]
[WhiteElo "2062"]
[BlackElo "2206"]
[PlyCount "44"]
[EventDate "2005.10.27"]
[EventType "team-tourn"]
[EventRounds "11"]
[EventCountry "FRA"]
[SourceTitle "EXT 2006"]
[Source "ChessBase"]
[SourceDate "2005.11.24"]
[SourceVersion "1"]
[SourceVersionDate "2005.11.24"]
[SourceQuality "1"]
[WhiteTeam "Saint Lo"]
[BlackTeam "Bordeaux ASPOM"]
[WhiteTeamCountry "FRA"]
[BlackTeamCountry "FRA"]

1. e4 c5 2. Nf3 d6 3. d4 cxd4 4. Nxd4 Nf6 5. Nc3 g6 6. Be2 Bg7 7. Be3 0-0 8. Nb3 Nc6 9. f4 Be6 10. g4 Na5 11. g5 Nd7 12. Bd4 Bxd4 13. Qxd4 Qc7 14. f5 gxf5 15. exf5 Nxb3 16. axb3 Bxf5 17. Nd5 Qd8 18. Rxa7 Rxa7 19. Qxa7 Be4 20. g6 hxg6 21. Rf1 Bxd5 22. Qd4 Bc6 0-1

[Event "FRA-chT2A 0506"]
[Site "France"]
[Date "2005.11.20"]
[Round "3.2"]
[White "Fantin, Ludwig"]
[Black "Le Huec, Marc"]
[Result "0-1"]
[WhiteElo "2292"]
[BlackElo "2195"]
[PlyCount "104"]
[EventDate "2005.10.27"]
[EventType "team-tourn"]
[EventRounds "11"]
[EventCountry "FRA"]
[SourceTitle "EXT 2006"]
[Source "ChessBase"]
[SourceDate "2005.11.24"]
[SourceVersion "1"]
[SourceVersionDate "2005.11.24"]
[SourceQuality "1"]
[WhiteTeam "Clermont Ferrand"]
[BlackTeam "Bordeaux ASPOM"]
[WhiteTeamCountry "FRA"]
[BlackTeamCountry "FRA"]

1. e4 c5 2. c3 Nf6 3. e5 Nd5 4. Nf3 Nc6 5. Bc4 Nb6 6. Bb3 d6 7. exd6 Qxd6 8. 0-0 Bf5 9. d4 cxd4 10. cxd4 e6 11. Nc3 Be7 12. a3 0-0 13. Be3 Rfd8 14. Qd2 Bf6 15. Rad1 Na5 16. Ba2 Nac4 17. Qe2 Rac8 18. Rc1 a6 19. Rfd1 Qe7 20. h3 h6 21. Bf4 Nd5 22. Bg3 b5 23. Ne5 Nxc3 24. Rxc3 Nxe5 25. dxe5 Bh4 26. Bxh4 Qxh4 27. Rxc8 Rxc8 28. Bb3 Qg5 29. Kh1 Rc1 30. a4 bxa4 31. Bxa4 a5 32. Qe1 Rxd1 33. Qxd1 Qf4 34. Qd8+ Kh7 35. Qxa5 Qxf2 36. Qb4 Qe2 37. Bc6 Qxe5 38. Bb7 Qe3 39. b3 Bc2 40. Qe7 Qc1+ 41. Kh2 Qf4+ 42. Kg1 Bxb3 43. Qd7 f5 44. Bf3 Bd5 45. Bxd5 Qd4+ 46. Kh2 Qxd5 47. Qf7 Qe5+ 48. Kg1 f4 49. Kf2 Qe4 50. h4 Qf5 51. Qe8 Qg6 52. Qe7 Qf6 0-1

[Event "FRA-chT2A 0506"]
[Site "France"]
[Date "2005.11.19"]
[Round "2.3"]
[White "David, Vincent"]
[Black "Le Huec, Marc"]
[Result "1-0"]
[WhiteElo "2320"]
[BlackElo "2195"]
[PlyCount "51"]
[EventDate "2005.10.27"]
[EventType "team-tourn"]
[EventRounds "11"]
[EventCountry "FRA"]
[SourceTitle "EXT 2006"]
[Source "ChessBase"]
[SourceDate "2005.11.24"]
[SourceVersion "1"]
[SourceVersionDate "2005.11.24"]
[SourceQuality "1"]
[WhiteTeam "Niort"]
[BlackTeam "Bordeaux ASPOM"]
[WhiteTeamCountry "FRA"]
[BlackTeamCountry "FRA"]

1. d4 Nf6 2. c4 g6 3. Nf3 Bg7 4. g3 0-0 5. Bg2 d6 6. 0-0 Nc6 7. Nc3 a6 8. h3 Rb8 9. e4 Nd7 10. Be3 Na5 11. b3 c5 12. Rc1 b5 13. cxb5 axb5 14. dxc5 dxc5 15. Bf4 e5 16. Bg5 Bf6 17. Bxf6 Qxf6 18. Nd5 Qd6 19. Qd2 Nc6 20. Qh6 f6 21. Rfd1 Nd4 22. Nxd4 cxd4 23. Rc6 Qa3 24. Re6 Rf7 25. Re8+ Nf8 26. Rc1 1-0